France au Concours Eurovision de la chanson - Statistiques

Statistiques générales
  • Ce quiz a été pris 124 fois
    39 depuis la dernière actualisation
  • Le résultat moyen est 13 sur 15
Statistiques - réponses
Hint Réponse % Correct
Qui a représenté la France en 2025 ? Louane
100%
Combien de fois la France a-t-elle organisé le Concours ? 4
97%
Combien de fois a-t-elle gagné au Concours ? 5
97%
Avec quelle chanson ? maman
97%
En quelle année la France participe-t-elle pour la première fois ? 1956
94%
De quand date sa première victoire ? 1958
94%
De quand date sa dernière victoire ? 1977
94%
Combien de fois a-t-elle participé au Concours ? 67
89%
Avec qui ? Barbara Pravi
89%
En quelle année la France a eu le plus de points ? 2021
86%
Quelle chanson ? Voilà
86%
La France a terminé à la dernière place une fois au Concours, mais en quelle année ? 2014
83%
En 1991, la France se retrouve à égalité à la première place avec un autre pays. Quel est donc ce pays ? Suède
80%
Quelle est la première ville française à avoir accueilli le Concours ? Cannes
71%
Combien de points ? 499
60%
Aucun quiz correspondant
Distribution des résultats
% des personnes avec chaque résultat
Percentile par nombre de réponses
Votre historique - résultats
Vous n’avez pas pris ce quiz depuis la dernière actualisation